000 02061nam a2200301Ia 4500
999 _c54898
_d54898
001 21967
003 GE_BSU
005 20220919122731.0
008 181216s2010||||ge |||||||||||||| ||geo||
020 _a9789941416460
040 _cGE_BSU
041 _ageo
080 _a821.353.1.02[სოციალისტური რეალიზმი] გ-24
100 _aგაფრინდაშვილი, ნანა
_912966
245 _aსოციალისტური რეალიზმის თეორიული ისტორია წ.2 სოციალისტური რეალიზმის განვითარების ეტაპები საქართველოში (ქართ. ლიტერატურის მაგალითზე) [2 ტომად] /
_cნანა გაფრინდაშვილი, მარიამ მირესაშვილი, ნინო წერეთელი ; რედ. კახა ლორია.
264 _aთბილისი :
_bნეკერი,
_c2010.
300 _a227 გვ. ;
_c21 სმ.
541 _h10ლ.
653 _aსოციალისტური რეალიზმის თეორიული ისტორია
653 _a სოციალისტური რეალიზმის განვითარების ეტაპები საქართველოში
653 _aქართული ლიტერატურა
653 _aქართული ლიტერატურის ისტორია და კრიტიკა
653 _aსოციალისტური რეალიზმი ქართულ ლიტერატურაში
700 _aმირესაშვილი, მარიამ
_eავტორი
_914615
700 _aწერეთელი, ნინო
_eავტორი
_914616
700 _aლორია, კახა
_eრედაქტორი
_914617
942 _cBK
_2udc